000
00303nam a2200121Ia 4500
008
190216s9999||||xx |||||||||||||| ||und||
100
_a
"Gerasimov,Dreving,Eremin E&Amp;Kisenev K"
245
0
_a
Physical Chemistry
260
_b
Mir Publishers
_c
1974
300
_a
627p
650
_a
Chemistry
942
_c
BK
999
_c
2113
_d
2113